| 000 | 00791na a2200253 4500 | ||
|---|---|---|---|
| 001 | 22421 | ||
| 003 | MIRAKIL | ||
| 005 | 20181213154929.0 | ||
| 008 | 170213b tu 000 0 | ||
| 035 | _a15992 | ||
| 040 |
_aMilas _btur _cTR-AnCHP |
||
| 090 | _aSHP 23 | ||
| 245 |
_aİnsanca yaşanabilir dünya kenti Ankara _cSosyaldemokrat Halkçı Parti |
||
| 260 |
_a[İstanbul] _b[yay.y.] _c[t.y.] |
||
| 300 |
_a22 s. _c20 sm. |
||
| 440 | _aSHP yayınları | ||
| 500 | _aKİtapbın kapağında 'Ankara için en iyisi' Korel Göymen yazmaktadır | ||
| 610 |
_aSHP _xPropaganda ve ideolojiler _xYerel seçimler |
||
| 610 |
_aSHP _xPropaganda ve ideolojiler _zAnkara |
||
| 610 |
_aSHP _xYerel seçim |
||
| 651 |
_aTürkiye _xSiyaset ve yönetim |
||
| 942 |
_2ddc _cBKS |
||
| 999 |
_c3371 _d3371 |
||